State Quarters Outlines - Statistics

General Stats
  • This quiz has been taken 12 times
  • The average score is 14 of 15
Answer Stats
State % Correct
Idaho
100%
Massachusetts
100%
New York
100%
Pennsylvania
100%
South Carolina
100%
Georgia
89%
Hawaii
89%
Indiana
89%
Louisiana
89%
Minnesota
89%
New Mexico
89%
Ohio
89%
Texas
89%
Illinois
78%
Michigan
78%
No matching quizzes found
Score Distribution
Percent of People with Each Score
Percentile by Number Answered
Your Score History
You have not taken this quiz